America

Saved in:
Bibliografiske detaljer
Hovedforfatter: Cho, Hae-il (Author)
Format: Bog
Sprog:engelsk
Udgivet: Seúl Dong-Suh-Munhak-Sa 1990
Fag:
Tags: Tilføj Tag
Ingen Tags, Vær først til at tagge denne postø!

MARC

LEADER 00000nam a2200000 a 4500
001 UCX3396
003 CL-VaPUC
008 911104e19900000KO |||||||||||||||||eng|d
082 0 4 |a 892.73  |b CHO  |2 21 
100 0 |a Cho, Hae-il  |e author  |9 319546 
245 1 0 |a America 
300 |a 104 p 
942 |c BK 
945 |d 19911104 00:00:00 
260 |a Seúl  |b Dong-Suh-Munhak-Sa  |c 1990 
650 7 |a NOVELAS COREANAS  |2 CL-VaPUC  |9 318922 
583 |a last modification  |c 19911104 00:00:00  |k Rodrigo Vera 
999 |c 224166  |d 224164 
952 |0 0  |1 0  |4 0  |6 892_730000000000000_CHO_1990  |7 0  |8 A  |9 220627  |a BIBGIM  |b BIBGIM  |d 2019-11-15  |i 2893576  |o 892.73 CHO 1990  |p 2893576  |r 2025-01-15  |w 2019-11-15  |y BK  |k ORI